ਘਟ ਘਟ ਜੋਤ ਜਗੇ / (Record no. 80897)

MARC details
000 -LEADER
fixed length control field 01178nam a22002777a 4500
005 - DATE AND TIME OF LATEST TRANSACTION
control field 20180209122620.0
008 - FIXED-LENGTH DATA ELEMENTS--GENERAL INFORMATION
fixed length control field 131126b xxu||||| |||| 00| 0 eng d
010 ## - LCCN (DPL NO)
LC control number PUN-7729 B-577435-438 B-669860
020 ## - INTERNATIONAL STANDARD BOOK NUMBER
Terms of availability 240.00
035 ## - SYSTEM CONTROL NUMBER
System control number PN-6847 B-577435-438
035 ## - SYSTEM CONTROL NUMBER
System control number B-669860
037 ## - SOURCE OF ACQUISITION
Source of stock number/acquisition DBAD / PUB
037 ## - SOURCE OF ACQUISITION
Source of stock number/acquisition Arsee Publishers
037 ## - SOURCE OF ACQUISITION
Source of stock number/acquisition star publications/ven
040 ## - CATALOGING SOURCE
Original cataloging agency dpl
Language of cataloging pn
082 ## - DEWEY DECIMAL CLASSIFICATION NUMBER
Classification number 854
100 ## - MAIN ENTRY--PERSONAL NAME
Personal name ਕੁੰਜਾਹੀ, ਸੁਰਜੀਤ
245 ## - TITLE STATEMENT
Title ਘਟ ਘਟ ਜੋਤ ਜਗੇ /
Statement of responsibility, etc ਸੁਰਜੀਤ ਕੁੰਜਾਹੀ
246 ## - VARYING FORM OF TITLE
Title proper/short title Ghat ghat jot jage
Remainder of title by Surjit Singh Kunjahi
260 ## - PUBLICATION, DISTRIBUTION, ETC. (IMPRINT)
Place of publication, distribution, etc Delhi
Name of publisher, distributor, etc Arsee Publishers
Date of publication, distribution, etc 2012
270 ## - ADDRESS
City Delhi
Address Chandni Chowk
Telephone number 011-65966481
300 4# - PHYSICAL DESCRIPTION
Extent 142p.
Dimensions 22ਸੇਂਮੀ (ਸਜਿਲੱਦ)
942 ## - ADDED ENTRY ELEMENTS (KOHA)
Source of classification or shelving scheme Dewey Decimal Classification
Item type Punjabi Bks
Classification part 854
Call number suffix ਕੁੰਜਾਹੀ
Holdings
Withdrawn status Lost status Source of classification or shelving scheme Damaged status Not for loan Collection code Home library Current library Date acquired Source of acquisition Cost, normal purchase price Total Checkouts Full call number Barcode Date last seen Copy number Cost, replacement price Koha item type
    Dewey Decimal Classification     Non-fiction Ashok Vihar Ashok Vihar 31/01/2018 BPPD/SP/2256/27.2.2017/AV/16-17/16.2.2017/24.3.2017 240.00   854 ਕੁੰਜਾਹੀ B-669860 31/01/2018 1 240.00 Punjabi Bks
    Dewey Decimal Classification       Central Library Central Library 31/10/2014 BPPD/164/27.8.14/3624/4.9.14 240.00   854 ਕੁੰਜਾਹੀ B-577435 31/10/2014 1 240.00 Punjabi Bks
    Dewey Decimal Classification     Non-fiction D.B.Act.Division D.B.Act.Division 27/11/2013 DBAD 240.00   854 ਕੁੰਜਾਹੀ PN-6847 27/11/2013 1 240.00 Punjabi Bks
    Dewey Decimal Classification       Mobile Library Mobile Library 31/10/2014 BPPD/164/27.8.14/3624/4.9.14 240.00   854 ਕੁੰਜਾਹੀ B-577436 31/10/2014 1 240.00 Punjabi Bks
    Dewey Decimal Classification       Sarojini Nagar Sarojini Nagar 31/10/2014 BPPD/164/27.8.14/3624/4.9.14 240.00 1 854 ਕੁੰਜਾਹੀ B-577437 11/08/2019 1 240.00 Punjabi Bks
    Dewey Decimal Classification       Sriniwas Puri Sriniwas Puri 31/10/2014 BPPD/164/27.8.14/3624/4.9.14 240.00   854 ਕੁੰਜਾਹੀ B-577438 31/10/2014 1 240.00 Punjabi Bks

© Delhi Public Library
Hit Counter
free hit counter